Identifikácia používateľa prostredníctvom biometrických a fotometrických dát získaných zo senzora Kinect

Guardado en:
Detalles Bibliográficos
Autor principal: Cáder, Lukáš (Autor)
Otros Autores: Štefanovič, Juraj (Orientador)
Formato: Manuscrito Libro
Lenguaje:eslovaco
Publicado: 2015
Materias:
Acceso en línea:http://is.stuba.sk/zp/portal_zp.pl?podrobnosti=110013
Etiquetas: Agregar Etiqueta
Sin Etiquetas, Sea el primero en etiquetar este registro!

MARC

LEADER 00000ntm a22000003a 4500
001 stuzp53658
003 SK-STU
005 20160420160736.8
007 ta
008 150427s2015----xo-----f-mn---000-0-slo-d
040 |a STU  |b slo 
041 0 |a slo 
044 |a xo 
100 1 |a Cáder, Lukáš  |u 070300  |4 aut  |U FIIT Fakulta informatiky a informačných technológií  |T FIIT Ústav aplikovanej informatiky  |X 5629  |U I300  |Y 180  |7 A000005629 
242 0 1 |a User identification through biometric and photometric data obtained by Kinect sensor  |y eng 
245 1 0 |a Identifikácia používateľa prostredníctvom biometrických a fotometrických dát získaných zo senzora Kinect 
260 |c 2015 
300 |a 50 s.  |e CD-ROM 
650 4 |a Identifikácia používateľa  |2 slo 
650 4 |a Skeleton Tracking  |2 slo 
650 4 |a Kinect v2  |2 slo 
650 4 |a Kinect v2  |2 eng 
650 4 |a Person Identification  |2 eng 
650 4 |a Skeleton Tracking  |2 eng 
700 1 |a Štefanovič, Juraj  |4 ths  |X 2056  |7 A000002056 
856 4 |u http://is.stuba.sk/zp/portal_zp.pl?podrobnosti=110013 
996 |b 284ID00038  |c I* DP37/15  |l II680  |s P  |a 0  |w stuzp53658_0001